000 00576nam a2200181Ia 4500
003 GCL
008 140319s9999 xx 000 0 ara d
040 _aGCL /
_cGCL
082 0 4 _a210
_bم م
100 1 _aمحمد كامل الفقى
245 1 0 _aمع النبى (صلى الله عليه وسلم ) /
_cمحمد كامل الفقى
260 _a[S.N] :
_bالمؤسسة العربية الحديثة ،
_c1988
300 _a176 ص
490 _aسلسلة اسلاميات
_v0
650 0 4 _aالاسلام
650 0 4 _aالسيرة النبوية
942 _2ddc
_cBK
999 _c35912
_d35912